Statistiche per Marcatori del Milan in UEFA Champions League 2012-2013

Clicka qui per fare il quiz!

Statistiche generali

  • Questo quiz è stato fatto 3 volte
  • Il punteggio medio è 4 su 8

Statistiche sulle risposte

PartitaMinutoMarcatore% Corretto
Milan - Malaga 1-173'Alexandre Pato
100%
Anderlecht - Milan 1-391'Alexandre Pato
100%
Milan - Barcellona 2-057'Kevin-Prince Boateng
67%
Anderlecht - Milan 1-371'Philippe Mexès
33%
Zenit San Pietroburgo - Milan 2-316'Stephan El Shaarawy
33%
Anderlecht - Milan 1-346'Stephan El Shaarawy
33%
Milan - Barcellona 2-081'Sulley Muntari
33%
Zenit San Pietroburgo - Milan 2-313'Urby Emanuelson
0%

Distribuzione punteggi

Percentile per numero di risposta

Percentuale di utenti per punteggio

I tuoi punteggi nel tempo

Non hai fatto questo quiz